| 000 | 00668cab a2200205 4500 | ||
|---|---|---|---|
| 001 | ABS44299 | ||
| 008 | 090401t1991 xxu||||| |||| 00| 0 eng d | ||
| 035 | _a(Sirsi) u46444 | ||
| 041 | _aeng | ||
| 245 | _aProperty finance in the USA | ||
| 260 | _c1991 | ||
| 350 | _a0 | ||
| 490 |
_aJournal of Property Finance _v1 (4) Spring 1991, 517-519 (3) |
||
| 520 | _aThis overview of property finance in the USA looks at obtaining mortgage loans, the oversupply of office and residential property space and general investment trends . | ||
| 650 | _aINSTITUTIONS | ||
| 650 | _aREAL ESTATE | ||
| 690 | _aOVERSEAS-REST OF THE WORLD | ||
| 942 | _n0 | ||
| 948 | _c04/03/1997 | ||
| 999 |
_c29386 _d29386 |
||